000 00610cam a22002052 4500
001 0000018804
005 20151217152134.0
008 100707s xx 000 0 eng d
020 _cKES 860
040 _aKABU
_cKABU
100 1 _aLumumba, P. L. O.
_@0000160099
245 1 0 _aPapers delivered on different occasions /
_cP.L.O. Lumumba.
260 _c2010.
300 _a[375] p.
500 _aThese papers were delivered on different occasions and are currently being upgraded to publishable levels.
650 0 _aLaw.
_@0000178067
908 _a100707
950 _@1
999 _c8662
_d8662